United Nations Official Languages - Statistics

General Stats
  • This quiz has been taken 586 times
  • The average score is 6 of 6
Answer Stats
Answer % Correct
English
100%
French
98%
Spanish
96%
Chinese
93%
Russian
92%
Arabic
88%
No matching quizzes found
Score Distribution
Percent of People with Each Score
Percentile by Number Answered
Your Score History
You have not taken this quiz